| 000 | 00603nam a22001697a 4500 | ||
|---|---|---|---|
| 003 | PILC | ||
| 005 | 20150112093433.0 | ||
| 008 | 130222t xxu||||| |||| 00| 0 eng d | ||
| 020 | _a0955121604 | ||
| 050 |
_aPN 171.P361 _b.Sh555 2006 |
||
| 082 |
_aLrSFr 808.022 _bP31 2005 |
||
| 100 |
_aPears, Richard _913994 |
||
| 245 |
_aCite them right : the essential guide to referencing and plagiarism / _cRichard Pears and Graham Shields ; illustrations by Steve Lancaster |
||
| 260 |
_aWhickham, Newcastle upon Tyne _bPear Tree Books _c2006. |
||
| 300 |
_a35 pages : _billustration ; _c30 cm. |
||
| 942 |
_2lcc _cBK |
||
| 999 |
_c14470 _d14470 |
||